Statistics for Most centrally located capital cities

Click here to take the quiz!

General Stats

  • This quiz has been taken 312 times
  • The average score is 6 of 20

Answer Stats

Relative distance from the centreContinentCapital, Country% Correct
12%South AmericaBrasilia, Brazil
59%
7%EuropeRome, Italy
51%
3%South AmericaBogota, Colombia
50%
14%South AmericaSantiago, Chile
48%
10%AsiaBaghdad, Iraq
43%
7%AfricaAbuja, Nigeria
41%
8%EuropeMinsk, Belarus
34%
13%EuropeAthens, Greece
33%
11%EuropeRiga, Latvia
32%
15%North AmericaSan José, Costa Rica
30%
12%AsiaRiyadh, Saudi Arabia
29%
3%AsiaDhaka, Bangladesh
25%
12%AfricaDodoma, Tanzania
23%
11%AsiaNaypyidaw, Myanmar
22%
13%AfricaKigali, Rwanda
21%
9%AfricaAntananarivo, Madagascar
18%
6%EurasiaNicosia, Cyprus
17%
3%AfricaOuagadougou, Burkina Faso
15%
15%North AmericaSanto Domingo, Dominican Republic
14%
12%AsiaAbu Dhabi, United Arab Emirates
11%

Score Distribution

Percentile by Number Answered

Percent of People with Each Score

Your Score History

You have not taken this quiz